00724nam a2200241 a 4500001001300000003000900013005001700022008004100039020001000080082001500090100001800105245001700123260004600140300000900186500003500195650001600230700001800246902000800264942000700272952009500279952009500374999001300469nice12345678IN_TiNIC20260116011315.0070824s1938 laha grp 000 0 urd  ac10000a239bBAR14 aBarkat, Ullah aDin-E-fitrat aLahorebChristian Knowledge Societyc1938 a248p aincludes index and biblioraphy aApologetics1 aBarkat, Ullah bSRS cBK 00104070aHMIbHMId2016-04-15g100.00l0o239 BAR14p4974r0000-00-00w2026-01-16yARB 00104070aHMIbHMId2016-04-15g100.00l0o239 BAR14p9821r0000-00-00w2026-01-16yARB c371d371